000
00190nam a2200085Ia 4500
008
170524s9999 xx 000 0 und d
100
_a
Khurmi R S
245
2
_a
A T b of machin design
260
_b
S Chand
260
_c
2013
999
_c
4992
_d
4992